000 00614nam a22001817a 4500
005 20250317190558.0
008 250317b |||||||| |||| 00| 0 eng d
020 _a9280809989
050 _aHN49
_b.C6 LOC
245 _aLocal Economic Development:
_bA geographical comparison of rural community restructuring/
_cEdited by; Cecily Neil and Markku Tykkylainen
260 _aNew York
_bUnited Nations University Press
_c1998
300 _axv. 365p.
_bill.
_c18 cm
500 _aIncludes Index
650 _2Economics
700 _aNeil Cecily (editor)
700 _aTykkylainen Markku (editor)
942 _2lcc
_cBK
_n0
999 _c4912
_d4912